Statistiques concernant Pays et langues

Cliquez ici pour prendre le quiz!

Statistiques générales

  • Ce quiz a été pris 15 881 fois
  • Le résultat moyen est 17 sur 27

Statistiques - réponses

LanguePays% Correct
AnglaisEtats-Unis
95%
FrançaisFrance
92%
PortugaisBrésil
90%
EspagnolMexique
87%
NéerlandaisPays-Bas
86%
MandarinChine
83%
CatalanEspagne
82%
HindiInde
82%
HébreuIsraël
79%
CantonaisChine
76%
AfrikaansAfrique du Sud
70%
RomaniRoumanie
68%
PersanIran
66%
ArabeÉgypte
64%
KurdeTurquie
64%
MāoriNouvelle-Zélande
58%
JavanaisIndonésie
56%
KhmerCambodge
51%
BengaliBangladesh
50%
PendjabiPakistan
46%
ZoulouAfrique du Sud
43%
RomancheSuisse
41%
TamoulInde
38%
TatarRussie
31%
CinghalaisSri Lanka
23%
TagalogPhilippines
22%
IgboNigeria
18%

Distribution des résultats

Percentile par nombre de réponses

% des personnes avec chaque résultat

Votre développement - résultats

Vous n’avez pas pris ce quiz